Neural and Fuzzy Logic Control of Drives and Power Systems (Record no. 245523)

MARC details
000 -LEADER
fixed length control field 00507nam a2200193Ia 4500
008 - FIXED-LENGTH DATA ELEMENTS--GENERAL INFORMATION
fixed length control field 240913s9999||||xx |||||||||||||| ||und||
020 ## - INTERNATIONAL STANDARD BOOK NUMBER
International Standard Book Number 0-7506-5558-5
082 ## - DEWEY DECIMAL CLASSIFICATION NUMBER
-- 621.8312 P2
100 ## - MAIN ENTRY--PERSONAL NAME
Personal name Cristea M N et al.
245 #0 - TITLE STATEMENT
Title Neural and Fuzzy Logic Control of Drives and Power Systems
250 ## - EDITION STATEMENT
Edition statement 1st
260 ## - PUBLICATION, DISTRIBUTION, ETC. (IMPRINT)
Date of publication, distribution, etc 2002
Name of publisher, distributor, etc BS Publications,Hyde
500 ## - GENERAL NOTE
General note REFERENCE
650 ## - SUBJECT ADDED ENTRY--TOPICAL TERM
Topical term or geographic name as entry element Power System
942 ## - ADDED ENTRY ELEMENTS (KOHA)
Item type Reference
Holdings
Withdrawn status Lost status Damaged status Permanent location Current location Shelving location Date acquired Source of acquisition Cost, normal purchase price Full call number Barcode Date last seen Koha item type
      CENTRAL LIBRARY, NOORUL ISLAM CENTRE FOR HIGHER EDUCATION CENTRAL LIBRARY, NOORUL ISLAM CENTRE FOR HIGHER EDUCATION   02/08/2006 Global Book Syndicate 1495.00 621.8312 P2 28395 09/13/2024 Reference
Visitors:
Copyright © 2024 Central Library NICHE.  All rights reserved.